00629nam a2200181Ia 450000500170000000800410001702000180005804000180007604100080009408200250010210000330012724500780016025000510023826000490028930000370033865000250037565000470040020220211113702.0210716s2012 xx 000 0 und d a9788180545283 cAIMIT LIBRARY aeng a519.5 GUPS211bGUPS aGupta, S C and Kapoor, V K. aFundamentals of mathematical statistics /cBy S.C. Gupta and V.K. Kapoor. a11th ed.beleventh thoroughly revised edition aNew Delhi :bSulthan Chand and Sons ,c2012. a1-12-20-28,A-42,I-6 p. ;c24 cm. aDescriptive measures aSpecial discrete probability distributions